Betclic 1 liga 24/25 - nagła śmierć - Statystyki

Ogólne statystyki
  • Ten quiz został rozwiązany 167 razy
  • Średni wynik to 8 z 13
Answers on the Grid
Answers color-coded by a green-red scale on the quiz's grid according to % correct below.
Stal Brzeg
Arka Gdynia
Bruk-Bet Termalica Nieciecza
Chojniczanka
Chrobry Głogów
GKS Jastrzębie
GKS Tychy
Górnik Łęczna
Karkonosze Jelenia Góra
KKS Kalisz
Lechia Zielona góra
ŁKS Łódź
ŁKS Łódź II
Miedź Legnica
MKS Kluczbork
Olimpia Elbląg
Podbeskidzie Bielsko-Biała
Podlesianka Katowice
Pogoń Siedlce
Polonia Bytom
Polonia Słubice
Polonia Warszawa
Rekord Bielsko-Biała
Ruch Chorzów
Stal Rzeszów
Stal Stalowa Wola
Świt Szczecin
Wieczysta Kraków
Wisła Kraków
Zagłębie Sosnowiec
 
Statystyki odpowiedzi
Odpowiedź % Poprawnych
Arka Gdynia
92%
Bruk-Bet Termalica Nieciecza
85%
GKS Tychy
74%
Górnik Łęczna
70%
ŁKS Łódź
68%
Chrobry Głogów
67%
Wisła Kraków
66%
Miedź Legnica
61%
Ruch Chorzów
60%
Polonia Warszawa
55%
Stal Rzeszów
50%
Pogoń Siedlce
45%
Stal Stalowa Wola
43%
Nie znaleziono quizów pasujących do podanych kryteriów
Rozkład punktacji
Procent ludzi z każdym wynikiem
Percentyl według liczby udzielonych odpowiedzi
Twoja historia wyników
Nie rozwiązałeś tego quizu